[Event "Prague Summer op 7th"]
[Site "Prague"]
[Date "2020.08.15"]
[Round "9"]
[White "Petr, Martin"]
[Black "Cernousek, Lukas"]
[Result "1-0"]
[WhiteElo "2464"]
[BlackElo "2463"]
[PlyCount "75"]
[EventDate "2020.08.08"]
[EventType "swiss"]
[EventRounds "9"]
[EventCountry "CZE"]
[SourceTitle "CBM 197 Extra"]
[Source "ChessBase"]
[SourceDate "2020.09.30"]
[SourceVersion "1"]
[SourceVersionDate "2020.09.30"]
[SourceQuality "1"]

1. e4 d6 2. d4 Nf6 3. Nc3 g6 4. Be3 c6 5. a4 Bg7 6. h3 0-0 7. Nf3 Qc7 8. Qd2 Nbd7 9. Be2 b6 10. 0-0 a6 11. Rfe1 e5 12. dxe5 dxe5 13. Red1 Bb7 14. Qd6 Rfc8 15. Qxc7 Rxc7 16. Nd2 b5 17. f3 Nh5 18. Nb3 Nf4 19. Bf1 Ne6 20. axb5 axb5 21. Rxa8+ Bxa8 22. Ra1 Rc8 23. Ra7 Rd8 24. Na2 Bf8 25. c3 Bd6 26. h4 Kf8 27. g3 Ke8 28. Na5 Nc7 29. Nb4 Bxb4 30. cxb4 Ne6 31. Bh3 Rb8 32. Bxe6 fxe6 33. Bc5 h5 34. Kf2 Rc8 35. Ke3 Kd8 36. f4 Ke8 37. fxe5 Nxe5 38. Kf4 1-0

[Event "Prague Summer op 7th"]
[Site "Prague"]
[Date "2020.08.10"]
[Round "4"]
[White "Cernousek, Lukas"]
[Black "Frank, Adam"]
[Result "1-0"]
[WhiteElo "2463"]
[BlackElo "2219"]
[PlyCount "65"]
[EventDate "2020.08.08"]
[EventType "swiss"]
[EventRounds "9"]
[EventCountry "CZE"]
[SourceTitle "CBM 197 Extra"]
[Source "ChessBase"]
[SourceDate "2020.09.30"]
[SourceVersion "1"]
[SourceVersionDate "2020.09.30"]
[SourceQuality "1"]

1. e4 d6 2. d4 Nf6 3. Nc3 g6 4. Be3 a6 5. h3 b5 6. e5 Nfd7 7. a4 Bb7 8. exd6 cxd6 9. axb5 axb5 10. Rxa8 Bxa8 11. Nxb5 Bg7 12. f3 0-0 13. Bd3 e5 14. Ne2 Qh4+ 15. Bf2 Qg5 16. Bg3 Nc6 17. Qd2 Qh5 18. d5 Ne7 19. c4 Bh6 20. Qc2 Rc8 21. Nec3 Qg5 22. Bf2 Qxg2 23. Rg1 Qxf3 24. Nxd6 Rb8 25. Be4 Qf4 26. Ncb5 Nf6 27. Ba7 Rd8 28. Rf1 Qg5 29. Bb6 Rf8 30. Rf3 Nxe4 31. Nxe4 Qh4+ 32. Bf2 Qh5 33. Nf6+ 1-0

[Event "Ceske Budejovice Clarion"]
[Site "Ceske Budejovice"]
[Date "2020.07.08"]
[Round "8"]
[White "Kraus, Tomas"]
[Black "Cernousek, Lukas"]
[Result "1/2-1/2"]
[WhiteElo "2453"]
[BlackElo "2460"]
[PlyCount "66"]
[EventDate "2020.07.01"]
[EventType "tourn"]
[EventRounds "9"]
[EventCountry "CZE"]
[EventCategory "10"]
[SourceTitle "CBM 197 Extra"]
[Source "ChessBase"]
[SourceDate "2020.09.30"]
[SourceVersion "1"]
[SourceVersionDate "2020.09.30"]
[SourceQuality "1"]

1. e4 d6 2. d4 Nf6 3. f3 c5 4. dxc5 Qa5+ 5. Nc3 Qxc5 6. Qd3 Nc6 7. Be3 Qa5 8. Qb5 Qd8 9. 0-0-0 a6 10. Qb6 Qxb6 11. Bxb6 Nd7 12. Be3 e6 13. Nge2 Be7 14. Na4 b5 15. Nb6 Nxb6 16. Bxb6 Bb7 17. Nd4 Nxd4 18. Bxd4 0-0 19. Bd3 Rfc8 20. Kb1 b4 21. b3 a5 22. Bc4 Kf8 23. Rhe1 Ba6 24. Bxa6 Rxa6 25. Re2 h5 26. f4 Bf6 27. Bxf6 gxf6 28. Rd3 Rc5 29. Rh3 Ke7 30. Kc1 Ra8 31. Kd1 a4 32. Kc1 axb3 33. Rxb3 Rxa2 1/2-1/2

[Event "Ceske Budejovice Clarion"]
[Site "Ceske Budejovice"]
[Date "2020.07.05"]
[Round "5"]
[White "Cernousek, Lukas"]
[Black "Mikes, Jan"]
[Result "1/2-1/2"]
[WhiteElo "2460"]
[BlackElo "2373"]
[PlyCount "55"]
[EventDate "2020.07.01"]
[EventType "tourn"]
[EventRounds "9"]
[EventCountry "CZE"]
[EventCategory "10"]
[SourceTitle "CBM 197 Extra"]
[Source "ChessBase"]
[SourceDate "2020.09.30"]
[SourceVersion "1"]
[SourceVersionDate "2020.09.30"]
[SourceQuality "1"]

1. d4 d5 2. Nf3 Nf6 3. g3 c6 4. Bg2 g6 5. c4 dxc4 6. a4 a5 7. Na3 Nbd7 8. Nxc4 Nb6 9. Nce5 Bg7 10. Ng5 0-0 11. 0-0 Nfd5 12. e4 Nb4 13. f4 e6 14. Ngf3 Qe7 15. b3 Nd7 16. Nc4 Rd8 17. Be3 b6 18. Rf2 Ba6 19. Rc1 Rab8 20. Rd2 Nf6 21. Nfe5 Ne8 22. Nf3 Nf6 23. Ne1 c5 24. dxc5 Na2 25. Rcc2 Nb4 26. Rc1 Na2 27. Rcc2 Nb4 28. Rc1 1/2-1/2

[Event "Ceske Budejovice Clarion"]
[Site "Ceske Budejovice"]
[Date "2020.07.04"]
[Round "4"]
[White "Mihok, Oliver"]
[Black "Cernousek, Lukas"]
[Result "1-0"]
[WhiteElo "2552"]
[BlackElo "2460"]
[PlyCount "77"]
[EventDate "2020.07.01"]
[EventType "tourn"]
[EventRounds "9"]
[EventCountry "CZE"]
[EventCategory "10"]
[SourceTitle "CBM 197 Extra"]
[Source "ChessBase"]
[SourceDate "2020.09.30"]
[SourceVersion "1"]
[SourceVersionDate "2020.09.30"]
[SourceQuality "1"]

1. d4 Nf6 2. Nc3 d5 3. Bf4 c6 4. e3 e6 5. Bd3 Nbd7 6. g4 h6 7. Qf3 Qe7 8. Qg3 g5 9. Bc7 h5 10. h3 hxg4 11. 0-0-0 b5 12. Nge2 Nb6 13. hxg4 Rg8 14. f3 Nc4 15. e4 Qb4 16. Bxc4 bxc4 17. Rde1 a5 18. a3 Qb7 19. Bd6 Bxd6 20. Qxd6 Ra7 21. Rh6 Nd7 22. Ng3 Kd8 23. Rh7 Qb8 24. Qxb8 Nxb8 25. Nh5 Re7 26. Nf6 Rf8 27. e5 Nd7 28. Rh5 Nxf6 29. exf6 Ree8 30. Rxg5 Rh8 31. Rg7 Ref8 32. Ne2 Rh6 33. g5 Rh3 34. f4 Ke8 35. Ng1 Rh4 36. Nf3 Rxf4 37. Ne5 Rf5 38. Rh1 c5 39. Nxf7 1-0